000 01315cgm a2200277 a 4500
003 SA-RiAUC
005 20250207143055.0
007 hd u|u uuuu          
008 250206s1221 |||--- g a fnara c
040 _aSA-JeALM
_bara
_cSA-RiAUC
_erda
082 0 4 _a412
090 _a412
_bا ب ن ب
100 1 _aابن باطيش، إسماعيل بن هبة الله بن سعيد،
_d575-655 هجري.
245 1 2 _aكتاب المغني في الإنباء عن غريب المهذب والأسماء
_cعماد الدين أبو المجد إسماعيل بن هبة الله بن سعيد الشافعي بن باطيش. تحقيق مصطفى عبدالحفيظ سالم.
_h[مصغر] /
246 3 3 _aالمغني في الإنباء عن غريب المهذب والاسماء
260 _c[1221]
264 _aمكة المكرمة :
_bالمكتبة التجارية.
_c1991
300 _aمجلد ؛
_c24 سم.
337 _aكتب
650 7 _aاللغة العربية
_xاشتقاق
_vمخطوطات
_2aucsh
650 7 _aالأسماء العربية
_vمخطوطات
_2aucsh
650 7 _aالمسلمون
_vتراجم
_vمخطوطات
_2aucsh
700 _aسالم، مصطفى عبدالحفيظ
_eمحقق.
942 _2ddc
_cBOOK
_n0
949 _aSA-JeALM
_d250206
_uosman123
_n1
999 _c5696
_d5696